000 00863nam a2200253Ia 4500
003 OSt
005 20220923212314.0
006 a|||||r|||| 00| 0
007 ta
008 220922b |||||||| |||| 00| 0 hin d
024 _a152,119
037 _cTextual
040 _aARTS
_cARTS
_bhin
041 _2hin
_ahin
082 _aO111,2N25,1, 152M3
100 _aगोर्डोन, चार्ल्स
245 0 _aकुछ बनने के लिए कोई जगह नही
246 _aKuchh banane ke lie koī jagah nahī
260 _aहापुड
_b शीषक प्रकाशन
_c1983
300 _a99 पृ.
_ccm.
650 _aअंग्रेजी साहित्य
_9156276
942 _hO111,2N25,1, 152M3
_cTEXL
_2CC
999 _c307791
_d307791